000
00280nam a2200133Ia 4500
100
_a
Liyingston/ Brian
942
_c
BK
654
_a
Windows
245
_a
Windows 3.1 Secrets
260
_b
Galgotia
_a
New Delhi
_c
1993
082
_a
005.13 'w'
546
_a
ENGLISH
999
_c
23555
_d
23555